Sweet dreams, Maisy / (Record no. 48469)
| 000 -LEADER | |
|---|---|
| fixed length control field | 00477nam a2200133 4500 |
| 100 ## - MAIN ENTRY--PERSONAL NAME | |
| Personal name | Cousins, Lucy, |
| Relator term | author. |
| 9 (RLIN) | 55447 |
| 245 10 - TITLE STATEMENT | |
| Title | Sweet dreams, Maisy / |
| Statement of responsibility, etc | Lucy Cousins. |
| 260 ## - PUBLICATION, DISTRIBUTION, ETC. (IMPRINT) | |
| Place of publication, distribution, etc | Cambridge, Mass. : |
| Name of publisher, distributor, etc | Candlewick Press, |
| Date of publication, distribution, etc | 2005. |
| 520 ## - SUMMARY, ETC. | |
| Summary, etc | At the end of a busy day, Maisy says goodbye to her friends and takes Panda inside to get ready for bed. |
| 650 #1 - SUBJECT ADDED ENTRY--TOPICAL TERM | |
| Topical term or geographic name as entry element | Bedtime |
| Form subdivision | Fiction. |
| 650 #1 - SUBJECT ADDED ENTRY--TOPICAL TERM | |
| Topical term or geographic name as entry element | Mice |
| Form subdivision | Fiction. |
| 942 ## - ADDED ENTRY ELEMENTS (KOHA) | |
| Source of classification or shelving scheme | |
| Koha item type | Book |
| Withdrawn status | Lost status | Source of classification or shelving scheme | Damaged status | Not for loan | Home library | Current library | Date acquired | Total Checkouts | Full call number | Barcode | Date last seen | Date checked out | Price effective from | Koha item type |
|---|---|---|---|---|---|---|---|---|---|---|---|---|---|---|
| Logos International School | Logos International School | 02/24/2025 | 1 | E COU | 040394 | 03/11/2026 | 03/04/2026 | 02/24/2025 | Book |